[Event "Ste-Foy - Fischer"]
[Site "Ste Foy"]
[Date "2015.10.31"]
[Round "3"]
[White "Tremblay, Charles"]
[Black "Dube, Daniel"]
[Result "0-1"]
[WhiteElo "1582"]
[BlackElo "2012"]
[PlyCount "50"]
[EventDate "2015.10.17"]
[EventType "swiss"]
[EventRounds "5"]
[EventCountry "CAN"]
[SourceTitle "EXT 2019"]
[Source "ChessBase"]
[SourceDate "2018.10.10"]
[SourceVersion "1"]
[SourceVersionDate "2018.10.10"]
[SourceQuality "1"]

1. c4 e5 2. Nc3 Nc6 3. Nf3 f5 4. d3 Nf6 5. Bg5 Bb4 6. g3 0-0 7. Bg2 d6 8. 0-0 Bxc3 9. bxc3 Qe8 10. Rb1 b6 11. Qb3 Na5 12. Qa3 Bb7 13. Bxf6 Rxf6 14. Rfe1 Qh5 15. c5 f4 16. cxd6 cxd6 17. Nh4 Bxg2 18. Kxg2 g5 19. Nf3 Rh6 20. Qa4 Rf8 21. Qe4 Qh3+ 22. Kg1 g4 23. Nh4 f3 24. exf3 Rxh4 25. gxh4 gxf3 0-1

[Event "Quebec Montcalm op 1 2010-11"]
[Site "Quebec"]
[Date "2010.10.07"]
[Round "5"]
[White "Bourassa, Andre"]
[Black "Tremblay, Charles"]
[Result "1-0"]
[WhiteElo "1731"]
[BlackElo "1587"]
[PlyCount "41"]
[EventDate "2010.09.09"]
[EventType "swiss"]
[EventRounds "5"]
[EventCountry "CAN"]
[SourceTitle "EXT 2022"]
[Source "ChessBase"]
[SourceDate "2021.10.06"]
[SourceVersion "1"]
[SourceVersionDate "2021.10.06"]
[SourceQuality "1"]

1. d4 Nf6 2. c4 e6 3. Nc3 d5 4. Bg5 Be7 5. e3 Nbd7 6. Nf3 b6 7. Rc1 Bb7 8. Bd3 0-0 9. 0-0 dxc4 10. Bxc4 Qb8 11. Ne5 Bd6 12. f4 a6 13. Qb3 b5 14. Bxe6 Bxe5 15. fxe5 c5 16. exf6 c4 17. Bxc4 bxc4 18. Qxc4 g6 19. b3 Qd8 20. Qb4 Re8 21. Qxb7 1-0

[Event "Quebec Montcalm op 4th"]
[Site "Quebec"]
[Date "2007.01.11"]
[Round "1"]
[White "Boulianne, Gabriel"]
[Black "Tremblay, Charles"]
[Result "1-0"]
[WhiteElo "1567"]
[BlackElo "1208"]
[PlyCount "97"]
[EventDate "2007.01.11"]
[EventType "tourn"]
[EventRounds "5"]
[EventCountry "CAN"]
[SourceTitle "EXT 2008"]
[Source "ChessBase"]
[SourceDate "2007.11.25"]
[SourceVersion "1"]
[SourceVersionDate "2007.11.25"]
[SourceQuality "1"]

1. d4 Nf6 2. c4 e6 3. Nf3 Be7 4. Nc3 d5 5. cxd5 exd5 6. Bf4 0-0 7. Rc1 Bb4 8. a3 Ba5 9. b4 Bb6 10. Bg5 Be6 11. e4 dxe4 12. Nxe4 Nbd7 13. Nc5 Bxc5 14. dxc5 Re8 15. Be2 c6 16. 0-0 Qc7 17. Qd4 Nd5 18. Bd3 h6 19. Bh4 N7f6 20. Bg3 Qd7 21. Bd6 Bf5 22. Ne5 Qc8 23. Bc4 Qd8 24. b5 Ng4 25. Nxg4 Re4 26. Qd3 Qg5 27. Nxh6+ gxh6 28. Bxd5 Re5 29. Bxf7+ Kxf7 30. Qb3+ Be6 31. f4 Bxb3 32. fxg5+ Kg6 33. Bxe5 cxb5 34. gxh6 Kxh6 35. Rf7 Bxf7 36. c6 Rc8 37. cxb7 Rxc1+ 38. Kf2 Rc2+ 39. Ke3 Rxg2 40. b8Q Rg8 41. Bf4+ Kh7 42. Qxb5 Re8+ 43. Kf2 Rg8 44. Qf5+ Bg6 45. Qh3+ Kg7 46. Qd7+ Bf7 47. Qxa7 Rf8 48. Qd4+ Kh7 49. a4 1-0

[Event "Quebec Inter-clubs"]
[Site "Quebec"]
[Date "2006.10.21"]
[Round "1"]
[White "Ye, Ling Feng"]
[Black "Tremblay, Charles"]
[Result "1-0"]
[WhiteElo "1888"]
[BlackElo "1600"]
[PlyCount "35"]
[EventDate "2006.10.21"]
[EventType "swiss"]
[EventRounds "4"]
[EventCountry "CAN"]
[SourceTitle "EXT 2022"]
[Source "ChessBase"]
[SourceDate "2021.10.06"]
[SourceVersion "1"]
[SourceVersionDate "2021.10.06"]
[SourceQuality "1"]

1. e4 c5 2. Nf3 Nc6 3. d4 cxd4 4. Nxd4 e5 5. Nb5 Nf6 6. N1c3 Bb4 7. Nd6+ Bxd6 8. Qxd6 Ne7 9. Qxe5 0-0 10. Bg5 Nc6 11. Qf4 d6 12. 0-0-0 Ne5 13. Nd5 Ng6 14. Nxf6+ gxf6 15. Qxf6 Qxf6 16. Bxf6 Be6 17. Rxd6 Bxa2 18. b3 1-0

[Event "St Jean op"]
[Site "St Jean sur Richelieu"]
[Date "2004.06.25"]
[Round "1"]
[White "Plante, Marc Eric"]
[Black "Tremblay, Charles"]
[Result "1-0"]
[WhiteElo "1269"]
[BlackElo "1154"]
[PlyCount "47"]
[EventDate "2004.06.??"]
[EventType "swiss"]
[EventRounds "5"]
[EventCountry "CAN"]
[SourceTitle "EXT 2006"]
[Source "ChessBase"]
[SourceDate "2005.11.24"]
[SourceVersion "1"]
[SourceVersionDate "2005.11.24"]
[SourceQuality "1"]

1. e4 e5 2. Nf3 Nc6 3. Bb5 a6 4. Ba4 d6 5. c3 Nf6 6. 0-0 Nxe4 7. d4 Qe7 8. Re1 Nf6 9. dxe5 dxe5 10. Nxe5 Be6 11. Nxc6 Qc5 12. Nd4+ b5 13. Nxe6 fxe6 14. Bb3 Be7 15. Bxe6 Rd8 16. Qe2 Qd6 17. Bg5 Rf8 18. Nd2 Qc5 19. Bxf6 Rxf6 20. Ne4 Qb6 21. Nxf6+ Bxf6 22. Bg8+ Kf8 23. Rad1 Qb8 24. Qe6 1-0